00597nam a22001577a 4500003000400000005001700004008004100021040000900062100002700071245012400098260006700222260005100289300001100340610004200351650004600393OSt20131213174201.0130425s2005 sp ||||| |||| 00| 0 spa d cCDMR1 aCerdán Tato, Enrique10a100 años de periodistas y periódicosb: historia de la Asociación de la Prensa de AlicantecEnrique Cerdán Tato a[Alicante]bCaja de Ahorros del Mediterráneo. Obras sociales bAsociación de la Prensa de AlicantecDL 2005 a243 p.2 aAsociación de la Prensa de Alicante04aAssociacions de professionals i tècnics